[Event "Pere Noel"]
[Site "Montreal CAN"]
[Date "2009.12.30"]
[Round "5"]
[White "Giroux, Robert"]
[Black "He, Shao Hang"]
[Result "1-0"]
[WhiteElo "1847"]
[BlackElo "1666"]
[PlyCount "67"]
[GameId "2160767910029935"]
[EventDate "2009.12.26"]
[EventType "swiss"]
[EventRounds "5"]
[EventCountry "CAN"]
[SourceTitle "hb 2010.01"]

1. Nf3 Nf6 2. c4 c6 3. e3 d5 4. b3 e6 5. Bb2 Be7 6. Be2 a6 7. O-O dxc4 8. Bxc4 b5 9. Be2 Bb7 10. d4 O-O 11. Nbd2 Nbd7 12. Rc1 Rc8 13. Qc2 c5 14. Qb1 Qb6 15. Qa1 cxd4 16. Bxd4 Bc5 17. Rxc5 Nxc5 18. b4 Qd8 19. bxc5 Qe7 20. Rc1 Rfd8 21. a4 Bc6 22. Ne5 bxa4 23. Nxc6 Rxc6 24. Nc4 Ne8 25. Bf3 Rc7 26. Ne5 f6 27. Nc6 Rxc6 28. Bxc6 e5 29. Bb2 Rd2 30. Bxe8 Qxe8 31. c6 Qc8 32. c7 Rd7 33. Qxa4 h6 34. Qxd7 1-0

[Event "Pere Noel"]
[Site "Montreal CAN"]
[Date "2009.12.30"]
[Round "5"]
[White "Gueorguiev, Valentin"]
[Black "Gulko, Andrei"]
[Result "1-0"]
[WhiteElo "1704"]
[BlackElo "2109"]
[PlyCount "101"]
[GameId "2160767910029936"]
[EventDate "2009.12.26"]
[EventType "swiss"]
[EventRounds "5"]
[EventCountry "CAN"]
[SourceTitle "EXT 2011"]
[Source "ChessBase"]
[SourceDate "2011.11.26"]
[SourceVersion "1"]
[SourceVersionDate "2011.11.26"]
[SourceQuality "1"]

1. Nf3 Nf6 2. b3 g6 3. Bb2 Bg7 4. g3 O-O 5. Bg2 d6 6. d4 Nbd7 7. O-O e5 8. dxe5 Ng4 9. c4 Ngxe5 10. Nxe5 Nxe5 11. Nc3 Re8 12. Qd2 Nd7 13. e4 a5 14. Na4 Bxb2 15. Qxb2 Qf6 16. Qd2 Nc5 17. Nxc5 dxc5 18. a4 Rd8 19. Qc2 Ra6 20. Rad1 Rad6 21. Rd5 Qe7 22. Rfd1 Bg4 23. f3 Be6 24. Rxd6 Rxd6 25. Rxd6 Qxd6 26. Bf1 Qd4+ 27. Kg2 Kf8 28. Be2 Ke7 29. Bd3 g5 30. g4 h5 31. h3 h4 32. Qd2 f6 33. Qe2 Kd6 34. Qd2 b5 35. Qc2 bxa4 36. bxa4 Qe5 37. Qf2 Qc3 38. Qe2 Qe5 39. Qf2 Qd4 40. Qe2 Ke5 41. Qc2 Qa1 42. Qd2 Qd4 43. Qc2 Kf4 44. Be2 Ke3 45. Kf1 Qa1+ 46. Kg2 Qe1 47. Qd3+ Kf4 48. e5 Qg3+ 49. Kf1 Qxh3+ 50. Ke1 Kxe5 51. f4+ 1-0

[Event "Pere Noel"]
[Site "Montreal CAN"]
[Date "2009.12.30"]
[Round "5"]
[White "Luo, Zhao Yang"]
[Black "Turcotte, Jonathan"]
[Result "1-0"]
[WhiteElo "2012"]
[BlackElo "1863"]
[PlyCount "119"]
[GameId "2160767910029938"]
[EventDate "2009.12.26"]
[EventType "swiss"]
[EventRounds "5"]
[EventCountry "CAN"]
[SourceTitle "hb 2010.01"]

1. d4 d5 2. c4 c6 3. Nf3 Nf6 4. Bg5 e6 5. Nc3 Nbd7 6. e3 Qa5 7. Qc2 Ne4 8. cxd5 exd5 9. Bd3 Ndf6 10. O-O Nxg5 11. Nxg5 h6 12. Nf3 Bd6 13. Rfe1 O-O 14. h3 Re8 15. a3 Qc7 16. Rac1 a6 17. Na4 Ne4 18. Bxe4 Rxe4 19. Qb3 Rb8 20. Nc3 Be6 21. Qd1 f5 22. Nxe4 fxe4 23. Nd2 Rf8 24. Nf1 Qd7 25. Ng3 Qc7 26. Nf1 Qf7 27. Rc2 Qg6 28. Kh1 Qg5 29. Nh2 Qh4 30. Rf1 h5 31. f4 exf3 32. Rxf3 g5 33. Rcf2 g4 34. Rxf8+ Bxf8 35. Qf1 Be7 36. Rf4 Qg3 37. hxg4 hxg4 38. Qd3 Kg7 39. Qe2 Bd6 40. Rxg4+ Bxg4 41. Qxg4+ Qxg4 42. Nxg4 Kg6 43. Kg1 Kf5 44. Nf2 c5 45. Kf1 c4 46. g4+ Kg5 47. e4 Bf4 48. Nh3+ Kxg4 49. Nxf4 Kxf4 50. exd5 Kf5 51. Ke2 Kf6 52. Kd2 Ke7 53. Kc3 b5 54. Kb4 Kd6 55. Ka5 Kxd5 56. Kxa6 b4 57. axb4 Kxd4 58. b5 Kd3 59. b6 Kc2 60. Kb5 1-0

[Event "Pere Noel"]
[Site "Montreal CAN"]
[Date "2009.12.30"]
[Round "5"]
[White "Masse, Hugues"]
[Black "Goldenberg, Danny"]
[Result "1-0"]
[WhiteElo "2213"]
[BlackElo "2323"]
[PlyCount "59"]
[GameId "2160767910029939"]
[EventDate "2009.12.26"]
[EventType "swiss"]
[EventRounds "5"]
[EventCountry "CAN"]
[SourceTitle "hb 2010.01"]

1. d4 Nf6 2. c4 g6 3. Nc3 Bg7 4. e4 d6 5. Nf3 O-O 6. Be2 e5 7. Be3 exd4 8. Nxd4 Re8 9. f3 c6 10. Bf2 d5 11. exd5 cxd5 12. O-O a6 13. c5 Nc6 14. Qd2 Ne5 15. Rfe1 Bd7 16. Rad1 Rc8 17. b4 Nc4 18. Bxc4 dxc4 19. Rxe8+ Qxe8 20. Re1 Qf8 21. a3 Re8 22. Re2 Nh5 23. Qa2 Nf4 24. Rxe8 Qxe8 25. Qxc4 Qe5 26. Qf1 Qg5 27. Kh1 Nxg2 28. Ne4 Qd5 29. Kxg2 Bxd4 30. Qd1 1-0

[Event "Pere Noel"]
[Site "Montreal CAN"]
[Date "2009.12.30"]
[Round "5"]
[White "Mathews, Theo"]
[Black "Schommer, Philippe"]
[Result "1/2-1/2"]
[WhiteElo "1724"]
[BlackElo "1764"]
[PlyCount "48"]
[GameId "2160767910029940"]
[EventDate "2009.12.26"]
[EventType "swiss"]
[EventRounds "5"]
[EventCountry "CAN"]
[SourceTitle "hb 2010.01"]

1. e4 d6 2. d4 Nf6 3. Nc3 Nbd7 4. f4 e5 5. fxe5 dxe5 6. dxe5 Nxe5 7. Qxd8+ Kxd8 8. Bg5 c6 9. O-O-O+ Kc7 10. Bf4 Bd6 11. Nf3 Nd3+ 12. Bxd3 Bxf4+ 13. Kb1 Re8 14. h3 b5 15. Ne2 Be5 16. Nxe5 Rxe5 17. Rhf1 Bd7 18. Ng3 Rae8 19. Rf4 Rg5 20. Rf3 Re7 21. Rdf1 h5 22. R1f2 h4 23. Nf5 Bxf5 24. Rxf5 Rg3 1/2-1/2

[Event "Pere Noel"]
[Site "Montreal CAN"]
[Date "2009.12.30"]
[Round "5"]
[White "Moore, Ronald"]
[Black "Poschmann, Jeremie"]
[Result "0-1"]
[WhiteElo "1689"]
[BlackElo "1813"]
[PlyCount "74"]
[GameId "2160767910029941"]
[EventDate "2009.12.26"]
[EventType "swiss"]
[EventRounds "5"]
[EventCountry "CAN"]
[SourceTitle "hb 2010.01"]

1. d4 d5 2. Bg5 h6 3. Bh4 c6 4. Nd2 Bf5 5. c3 Nd7 6. Ngf3 Ngf6 7. Ne5 Qb6 8. Qb3 e6 9. Nxd7 Nxd7 10. f3 e5 11. dxe5 Nxe5 12. Bf2 Qc7 13. e4 dxe4 14. Nxe4 Be7 15. Bg3 Be6 16. Qa4 O-O 17. Be2 f5 18. Nd2 Bc5 19. Bc4 Rae8 20. O-O-O f4 21. Bxe6+ Rxe6 22. Qb3 Qf7 23. Be1 Be3 24. Kb1 Bxd2 25. Rxd2 Nc4 26. Rd4 b5 27. Re4 Rxe4 28. fxe4 f3 29. gxf3 Qxf3 30. Rg1 Qxe4+ 31. Qc2 Qe3 32. Qg2 Rf7 33. a3 a5 34. Ka2 a4 35. Rf1 Qe6 36. Ka1 Ne3 37. Qe2 Rxf1 0-1

[Event "Pere Noel"]
[Site "Montreal CAN"]
[Date "2009.12.30"]
[Round "5"]
[White "Page-Fortin, Mathieu"]
[Black "Gagnon, Serge"]
[Result "1-0"]
[WhiteElo "1817"]
[BlackElo "2000"]
[PlyCount "105"]
[GameId "2160767910029942"]
[EventDate "2009.12.26"]
[EventType "swiss"]
[EventRounds "5"]
[EventCountry "CAN"]
[SourceTitle "hb 2010.01"]

1. e4 d6 2. d4 Nf6 3. Nc3 g6 4. Nf3 Bg7 5. Bd3 O-O 6. O-O c6 7. Re1 Qc7 8. h3 e5 9. Be3 b5 10. Qd2 a6 11. Ne2 exd4 12. Bh6 c5 13. Ng3 Nc6 14. Nf5 Bxf5 15. exf5 Ne5 16. Nh4 Nxd3 17. Bxg7 Kxg7 18. Qxd3 Rfe8 19. Qg3 Rxe1+ 20. Rxe1 Re8 21. Rxe8 Nxe8 22. Qg5 h6 23. Qg3 d5 24. Qf3 Qe5 25. fxg6 fxg6 26. Qg4 Qf6 27. Qd7+ Qf7 28. Qc6 g5 29. Nf3 Qf6 30. Qxe8 d3 31. cxd3 Qxb2 32. Qe7+ Kh8 33. Qe5+ Qxe5 34. Nxe5 c4 35. Kf1 Kg7 36. g4 a5 37. Ke2 a4 38. Kd2 Kf6 39. d4 b4 40. Kc2 b3+ 41. axb3 axb3+ 42. Kc3 Ke6 43. f4 gxf4 44. h4 Kf6 45. Nf3 Ke6 46. Nd2 Kf6 47. Nb1 h5 48. g5+ Kf5 49. Kd2 Ke4 50. g6 Kxd4 51. g7 f3 52. g8=Q f2 53. Qf7 1-0

[Event "Pere Noel"]
[Site "Montreal CAN"]
[Date "2009.12.30"]
[Round "5"]
[White "Prahov, Valentin"]
[Black "Jiang, Louie"]
[Result "0-1"]
[WhiteElo "2209"]
[BlackElo "2312"]
[PlyCount "110"]
[GameId "2160767910029943"]
[EventDate "2009.12.26"]
[EventType "swiss"]
[EventRounds "5"]
[EventCountry "CAN"]
[SourceTitle "EXT 2011"]
[Source "ChessBase"]
[SourceDate "2011.11.26"]
[SourceVersion "1"]
[SourceVersionDate "2011.11.26"]
[SourceQuality "1"]

1. e4 c5 2. d4 e6 3. c3 a6 4. Nf3 b5 5. Be3 Bb7 6. Nbd2 d6 7. Bd3 Nd7 8. a4 c4 9. Bc2 Ngf6 10. O-O Be7 11. Qe2 O-O 12. h3 Qc7 13. Nh2 e5 14. Ng4 exd4 15. Bxd4 Rfe8 16. f4 Nxg4 17. hxg4 Bf6 18. Bxf6 Nxf6 19. g5 Nd7 20. Qh5 Re7 21. e5 g6 22. Qh6 dxe5 23. f5 gxf5 24. Qh3 e4 25. Rxf5 Qb6+ 26. Kh1 Nf8 27. Re1 e3 28. a5 Qd8 29. Nf3 Bc8 30. Nd4 Bxf5 31. Nxf5 Re6 32. Rxe3 Qd2 33. Rxe6 fxe6 34. Nh6+ Kg7 35. Qf3 Qe1+ 36. Kh2 Qe5+ 37. Kh3 Ra7 38. Qh5 Ng6 39. g3 Qe3 40. Bxg6 hxg6 41. Qh4 Qg1 42. Ng4 Qh1+ 43. Nh2 Kg8 44. Qd4 Rh7+ 45. Kg4 Qd5 46. Qxd5 exd5 47. Nf3 Rh1 48. Ne5 Kg7 49. Nc6 Rh2 50. Nb4 Rxb2 51. Nxa6 d4 52. cxd4 c3 53. Nc5 c2 54. Nd3 Rb3 55. Nc1 Rb1 0-1

[Event "Pere Noel"]
[Site "Montreal CAN"]
[Date "2009.12.30"]
[Round "5"]
[White "Ramaswamy, Kiran"]
[Black "Tremblay, Alain"]
[Result "0-1"]
[WhiteElo "1828"]
[BlackElo "2093"]
[PlyCount "58"]
[GameId "2160767910029944"]
[EventDate "2009.12.26"]
[EventType "swiss"]
[EventRounds "5"]
[EventCountry "CAN"]
[SourceTitle "hb 2010.01"]

1. c4 e6 2. Nf3 Nf6 3. g3 d5 4. b3 Be7 5. Bg2 c5 6. O-O Nc6 7. Na3 O-O 8. Nc2 d4 9. d3 e5 10. a3 Nd7 11. Rb1 a5 12. Bd2 f5 13. b4 e4 14. Nfe1 axb4 15. axb4 Nf6 16. Bg5 e3 17. fxe3 Ng4 18. Bxe7 Qxe7 19. exd4 Nxd4 20. Nxd4 Qe3+ 21. Kh1 cxd4 22. Bd5+ Kh8 23. Kg2 Qh6 24. Nc2 Qxh2+ 25. Kf3 Ne5+ 26. Kf4 Qh6+ 27. Kxe5 Re8+ 28. Kxd4 Qf6+ 29. Kc5 b6+ 0-1

[Event "Pere Noel"]
[Site "Montreal CAN"]
[Date "2009.12.30"]
[Round "5"]
[White "Robichaud, Louis"]
[Black "Zhang, Zhiyuan"]
[Result "1-0"]
[WhiteElo "2040"]
[BlackElo "1884"]
[PlyCount "123"]
[GameId "2160767910029945"]
[EventDate "2009.12.26"]
[EventType "swiss"]
[EventRounds "5"]
[EventCountry "CAN"]
[SourceTitle "hb 2010.01"]

1. e4 d6 2. d4 Nf6 3. Nc3 g6 4. f4 Bg7 5. Nf3 O-O 6. Bd3 Bg4 7. Be3 Nbd7 8. h3 Bxf3 9. Qxf3 e5 10. dxe5 dxe5 11. f5 c6 12. O-O Qe7 13. g4 Qb4 14. a3 Qa5 15. g5 Ne8 16. f6 Bh8 17. b4 Qc7 18. Bc4 Nd6 19. Bb3 a6 20. Rad1 Rad8 21. Rd2 Nb5 22. Nxb5 axb5 23. Qf2 Qc8 24. Rfd1 Nb8 25. Qh4 Rxd2 26. Rxd2 Qc7 27. Kh1 Na6 28. Qf2 Qc8 29. Kg2 Nc7 30. Rd6 Ne8 31. Rd1 Nc7 32. Qd2 Ne6 33. Qd7 Qxd7 34. Rxd7 Nd8 35. Bb6 Ne6 36. Bxe6 fxe6 37. Bc5 Bxf6 38. Bxf8 Bxg5 39. Bd6 Bf4 40. Rxb7 h5 41. Rc7 g5 42. Rxc6 Kf7 43. Rc5 Bc1 44. Bxe5 Bxa3 45. Rxb5 Bc1 46. Rb7+ Kg6 47. Rg7+ Kh6 48. b5 Bf4 49. Bxf4 Kxg7 50. b6 gxf4 51. b7 e5 52. b8=Q Kf6 53. Qd6+ Kg5 54. Qxe5+ Kg6 55. Qf5+ Kh6 56. e5 f3+ 57. Kxf3 h4 58. Qg4 Kh7 59. Kf4 Kh6 60. Kf5 Kh7 61. Kf6 Kh8 62. Qg7# 1-0

[Event "Pere Noel"]
[Site "Montreal CAN"]
[Date "2009.12.30"]
[Round "5"]
[White "Sprumont, Oscar"]
[Black "Goldner, John"]
[Result "1/2-1/2"]
[WhiteElo "1593"]
[BlackElo "1710"]
[PlyCount "102"]
[GameId "2160767910029948"]
[EventDate "2009.12.26"]
[EventType "swiss"]
[EventRounds "5"]
[EventCountry "CAN"]
[SourceTitle "hb 2010.01"]

1. e4 c5 2. Nc3 Nc6 3. g3 g6 4. Bg2 Bg7 5. d3 e6 6. f4 d6 7. Nf3 Nge7 8. O-O O-O 9. Be3 Nd4 10. e5 Nef5 11. Bf2 Nxf3+ 12. Qxf3 Nd4 13. Qd1 dxe5 14. fxe5 Bxe5 15. Ne4 Rb8 16. c3 Nf5 17. Bxc5 Re8 18. Bxa7 Ra8 19. Bf2 Rb8 20. Qf3 b6 21. g4 Bb7 22. gxf5 exf5 23. Qh3 fxe4 24. Bxe4 Qg5+ 25. Qg2 Qh6 26. Bxb7 Rxb7 27. Bg3 Bxg3 28. Qxg3 Re3 29. Qg2 Rbe7 30. d4 Re2 31. Rf2 Qe3 32. Qf3 Qxf3 33. Rxf3 Rxb2 34. Rf2 Ree2 35. Rxe2 Rxe2 36. Rb1 Re6 37. Kf2 Kf8 38. Kf3 Rc6 39. Rb3 Ke7 40. Ke4 f5+ 41. Ke5 Re6+ 42. Kd5 f4 43. c4 Rd6+ 44. Ke4 g5 45. Rb5 h6 46. Rf5 Rc6 47. h4 Rg6 48. hxg5 hxg5 49. Kf3 Ke6 50. Kg4 Kd7 51. Rd5+ Kc6 1/2-1/2

[Event "Pere Noel"]
[Site "Montreal CAN"]
[Date "2009.12.30"]
[Round "5"]
[White "Vassileva, Svetla"]
[Black "Lemieux, Serge"]
[Result "1-0"]
[WhiteElo "1741"]
[BlackElo "1515"]
[PlyCount "87"]
[GameId "2160767910029949"]
[EventDate "2009.12.26"]
[EventType "swiss"]
[EventRounds "5"]
[EventCountry "CAN"]
[SourceTitle "hb 2010.01"]

1. e4 e6 2. d4 d5 3. exd5 Qxd5 4. Nc3 Qd8 5. Nf3 Bb4 6. Be2 Nf6 7. O-O b6 8. Bg5 Bb7 9. a3 Bxc3 10. bxc3 Nbd7 11. c4 Qc8 12. Bf4 Ne4 13. Qe1 O-O 14. Bd3 Ndf6 15. Ne5 Nd6 16. f3 Nf5 17. c3 Nh5 18. Bd2 Nf6 19. g4 Ne7 20. h4 Nd7 21. Qe3 Nxe5 22. Qxe5 Ng6 23. Qg3 f5 24. h5 Ne7 25. h6 g6 26. Rae1 Nc6 27. d5 f4 28. Bxf4 e5 29. Bxe5 Nxe5 30. Rxe5 Qd7 31. Rfe1 Rf7 32. Re6 Raf8 33. Qe5 Qd8 34. Kg2 Bc8 35. Re7 Rxe7 36. Qxe7 Qxe7 37. Rxe7 Rf7 38. Re8+ Rf8 39. Rxf8+ Kxf8 40. Kg3 Ke7 41. Kf4 Kf7 42. Ke5 Bd7 43. d6 c5 44. Be4 1-0

[Event "Pere Noel"]
[Site "Montreal CAN"]
[Date "2009.12.30"]
[Round "5"]
[White "Voloaca, Mihnea"]
[Black "Barbeau, Sylvain"]
[Result "0-1"]
[WhiteElo "2325"]
[BlackElo "2372"]
[PlyCount "138"]
[GameId "2160767910029950"]
[EventDate "2009.12.26"]
[EventType "swiss"]
[EventRounds "5"]
[EventCountry "CAN"]
[SourceTitle "hb 2010.01"]

1. d4 Nf6 2. c4 g6 3. Nc3 d5 4. Nf3 Bg7 5. Qb3 dxc4 6. Qxc4 O-O 7. e4 Nc6 8. Be2 Bg4 9. d5 Na5 10. Qb4 Bxf3 11. Bxf3 c6 12. O-O cxd5 13. exd5 Rc8 14. Re1 Re8 15. Be3 Nd7 16. Be2 a6 17. a4 Be5 18. Rac1 Bd6 19. Qh4 Nb3 20. Rcd1 Nf6 21. Bc4 Nc5 22. b3 Ncd7 23. Ne4 Nxe4 24. Qxe4 Qa5 25. Bd2 Qc5 26. Be3 Qa5 27. Bd2 Qc7 28. h4 Ne5 29. Rc1 Qb6 30. a5 Qd8 31. Be2 Nd7 32. g3 Nf6 33. Qd4 Qd7 34. Bg5 Ba3 35. Rxc8 Rxc8 36. Bxf6 exf6 37. Qxf6 Re8 38. Qf3 Re5 39. Rd1 Qd6 40. Qd3 Bb4 41. Bg4 Bxa5 42. Qc4 Re7 43. h5 Bb6 44. Kg2 f5 45. Bf3 Kf7 46. hxg6+ hxg6 47. Rh1 Rc7 48. Qe2 Bd4 49. Qd3 Bg7 50. Re1 Re7 51. Rc1 Be5 52. g4 fxg4 53. Bxg4 Qf6 54. Be6+ Kg7 55. Rc4 Re8 56. Rg4 Rh8 57. Bf5 Rh6 58. f4 Bd6 59. Qc2 Kh7 60. Qc8 Qxf5 61. Qxb7+ Kh8 62. Qa8+ Bf8 63. Rg3 Qxf4 64. Qc6 g5 65. Qc3+ Rf6 66. Qd3 g4 67. Qe2 Bd6 68. Qe8+ Kg7 69. Qd7+ Kh6 0-1

[Event "Pere Noel"]
[Site "Montreal CAN"]
[Date "2009.12.30"]
[Round "5"]
[White "Voskanyan, Vahagn"]
[Black "Ramaswamy, Kishor"]
[Result "0-1"]
[WhiteElo "2188"]
[BlackElo "2219"]
[PlyCount "90"]
[GameId "2160767910029951"]
[EventDate "2009.12.26"]
[EventType "swiss"]
[EventRounds "5"]
[EventCountry "CAN"]
[SourceTitle "hb 2010.01"]

1. e4 c6 2. Nc3 d5 3. d4 dxe4 4. Nxe4 Nf6 5. Nxf6+ gxf6 6. Qd3 Bg4 7. Bf4 Qa5+ 8. c3 Bf5 9. Qd2 Nd7 10. Bc4 Nb6 11. Bb3 e6 12. Ne2 Nd5 13. Ng3 Bg6 14. Bh6 Bxh6 15. Qxh6 O-O-O 16. O-O f5 17. Rfe1 Nf6 18. h3 Qc7 19. Ne2 Ng8 20. Qf4 Qxf4 21. Nxf4 Nf6 22. Nd3 Rhg8 23. Kh2 Rg7 24. f3 Nh5 25. f4 Rdg8 26. Re3 Nf6 27. Rg1 Bh5 28. Nf2 Kc7 29. g3 a5 30. Bc2 Nd5 31. Ree1 Bf3 32. c4 Nxf4 33. Re3 Bh5 34. Rge1 Ng6 35. Ra3 Ne7 36. Re5 b6 37. b4 axb4 38. Ra7+ Kd8 39. g4 fxg4 40. hxg4 Bxg4 41. Be4 f6 42. Nxg4 Rxg4 43. Rh5 Rxe4 44. Rxh7 Rxd4 45. Raxe7 Rh4+ 0-1

[Event "Pere Noel U1800"]
[Site "Montreal CAN"]
[Date "2009.12.26"]
[Round "1"]
[White "Nazarian, Arash"]
[Black "Girard, Sylvain"]
[Result "1-0"]
[WhiteElo "1266"]
[BlackElo "1578"]
[PlyCount "53"]
[GameId "2160767910029952"]
[EventDate "2009.12.26"]
[EventType "swiss"]
[EventRounds "5"]
[EventCountry "CAN"]
[SourceTitle "hb 2010.01"]

1. e4 c5 2. Nf3 d6 3. d4 cxd4 4. Nxd4 Nf6 5. Nc3 a6 6. Bg5 e6 7. Bc4 Qa5 8. Bxf6 gxf6 9. Nb3 Qe5 10. Qd4 Qg5 11. g3 Nc6 12. Qd2 Qg6 13. f4 Bd7 14. O-O-O O-O-O 15. Qd3 Nb4 16. Qe2 Bc6 17. a3 d5 18. exd5 exd5 19. axb4 dxc4 20. Rxd8+ Kxd8 21. Rd1+ Kc8 22. Qxc4 Be7 23. Na5 f5 24. Nxc6 Qxc6 25. Qxf7 Bxb4 26. Qxf5+ Kb8 27. Qe5+ 1-0

[Event "Pere Noel U1800"]
[Site "Montreal CAN"]
[Date "2009.12.27"]
[Round "2"]
[White "O'Connor, Michael"]
[Black "Nazarian, Arash"]
[Result "1-0"]
[WhiteElo "1682"]
[BlackElo "1266"]
[PlyCount "119"]
[GameId "2160767910029953"]
[EventDate "2009.12.26"]
[EventType "swiss"]
[EventRounds "5"]
[EventCountry "CAN"]
[SourceTitle "hb 2010.01"]

1. d4 Nf6 2. Nf3 g6 3. c4 Bg7 4. Nc3 e6 5. e4 d5 6. exd5 exd5 7. Qe2+ Qe7 8. Qxe7+ Kxe7 9. Bg5 c6 10. cxd5 Re8 11. Be2 Bf5 12. dxc6 bxc6 13. O-O Kf8 14. Rfe1 Nbd7 15. Rac1 Ne4 16. Nxe4 Bxe4 17. b3 a5 18. h3 a4 19. Bd1 axb3 20. Bxb3 Ra5 21. Bd2 Rf5 22. Ng5 Bh6 23. Nxe4 Bxd2 24. Nxd2 Rxe1+ 25. Rxe1 Nb6 26. Nf3 c5 27. dxc5 Rxc5 28. Rd1 Ke7 29. Re1+ Kf8 30. Rd1 Ke7 31. Kf1 Nc4 32. Bxc4 Rxc4 33. Ra1 Ra4 34. Nd2 Kf6 35. Ke2 Ra5 36. a4 Ke6 37. Nc4 Rc5 38. Kd3 Kd5 39. Nb6+ Kc6 40. a5 Kb7 41. a6+ Ka7 42. Ra4 Rc6 43. Nd5 Rxa6 44. Rxa6+ Kxa6 45. Nf6 Kb6 46. Nxh7 Kc6 47. Ke4 Kd6 48. g4 Ke6 49. Ng5+ Kf6 50. f4 Kg7 51. Nxf7 Kxf7 52. Ke5 g5 53. f5 Kg7 54. f6+ Kh6 55. Ke6 Kh7 56. Ke7 Kh8 57. f7 Kg7 58. f8=Q+ Kg6 59. Qf6+ Kh7 60. Qxg5 1-0

[Event "Perpetuelles/Hivernal"]
[Site "Sherbrooke CAN"]
[Date "2009.02.06"]
[Round "1"]
[White "Allard dos Santos, Alexandre"]
[Black "Valiquette, Simon"]
[Result "0-1"]
[WhiteElo "1281"]
[BlackElo "1506"]
[PlyCount "60"]
[GameId "2160767910268908"]
[EventDate "2009.02.06"]
[EventType "swiss"]
[EventCountry "CAN"]

1. e4 c5 2. Nf3 e6 3. c3 Nc6 4. d4 Nf6 5. Bd3 c4 6. Bxc4 Nxe4 7. Bd3 d5 8. Qc2 f5 9. Ne5 Nxe5 10. dxe5 Be7 11. O-O Qc7 12. f3 Nc5 13. Bb5+ Bd7 14. Bxd7+ Nxd7 15. f4 g5 16. Re1 Rg8 17. h3 g4 18. hxg4 Rxg4 19. Be3 O-O-O 20. Nd2 Rdg8 21. Re2 Bc5 22. Nb3 Bxe3+ 23. Rxe3 Rxf4 24. Rc1 Qc4 25. Nd4 Nc5 26. b4 Ne4 27. Nxe6 Rf2 28. Qb3 Rgxg2+ 29. Kh1 Rh2+ 30. Kg1 Rfg2# 0-1

[Event "Perpetuelles/Hivernal"]
[Site "Sherbrooke CAN"]
[Date "2009.02.06"]
[Round "1"]
[White "Belzil, Julien"]
[Black "Galindo, Gabriel"]
[Result "1-0"]
[WhiteElo "1240"]
[BlackElo "1266"]
[PlyCount "137"]
[GameId "2160767910268909"]
[EventDate "2009.02.06"]
[EventType "swiss"]
[EventCountry "CAN"]

1. c4 e5 2. e4 Nc6 3. Nf3 Be7 4. a3 d6 5. h3 Nf6 6. d3 O-O 7. Nc3 h6 8. Be2 Nh7 9. Nd5 f5 10. Qb3 f4 11. Bd2 Nd4 12. Nxd4 exd4 13. O-O-O c5 14. Qb5 b6 15. Bxf4 Bd7 16. Qb3 Rb8 17. Bg3 b5 18. h4 a5 19. Qc2 b4 20. Kd2 b3 21. Qb1 Nf6 22. Nxe7+ Qxe7 23. f3 a4 24. Rdf1 Nh5 25. Qe1 Nf4 26. Bxf4 Rxf4 27. Qg3 Rbf8 28. Qh2 Kh8 29. g3 R4f7 30. f4 g6 31. g4 Kg7 32. g5 h5 33. f5 Qe5 34. f6+ Kh7 35. Qg2 Re8 36. Kd1 Rd8 37. Qf2 Rb8 38. Qe1 Ra8 39. Qd2 Bc8 40. Kc1 Be6 41. Kd1 Bd7 42. Kc1 Qg3 43. Rf4 Qe3 44. Qxe3 dxe3 45. Rf3 Bg4 46. Rxe3 Be6 47. Bf3 Re8 48. Rhe1 Bh3 49. e5 dxe5 50. Rxe5 Rd8 51. Be4 Bf5 52. Re7 Kg8 53. Bd5 Rxd5 54. cxd5 Bxd3 55. d6 Rf8 56. d7 Bb5 57. Rd1 Rd8 58. Re8+ Rxe8 59. dxe8=Q+ Bxe8 60. Rd8 Kf7 61. Rc8 Bd7 62. Rxc5 Be8 63. Kd2 Bd7 64. Rc7 Ke8 65. Kc3 Bg4 66. Re7+ Kf8 67. Rg7 Bf5 68. Kb4 Be6 69. Kxa4 1-0

[Event "Perpetuelles/Hivernal"]
[Site "Sherbrooke CAN"]
[Date "2009.02.06"]
[Round "1"]
[White "Boutin, Andre"]
[Black "Leclerc, Luc-Olivier"]
[Result "1/2-1/2"]
[WhiteElo "1451"]
[BlackElo "1510"]
[PlyCount "101"]
[GameId "2160767910268910"]
[EventDate "2009.02.06"]
[EventType "swiss"]
[EventCountry "CAN"]

1. d4 f5 2. Nf3 Nf6 3. b3 e6 4. Ba3 Bxa3 5. Nxa3 c6 6. Nc4 d5 7. Nce5 Nbd7 8. Nxd7 Bxd7 9. e3 Rc8 10. Bd3 O-O 11. O-O Be8 12. Ne5 c5 13. dxc5 Rxc5 14. c4 Bh5 15. Be2 dxc4 16. Nxc4 Bxe2 17. Qxe2 Qc7 18. f4 Rd8 19. Rfd1 Rcd5 20. Rxd5 Nxd5 21. Rd1 Rc8 22. Qd3 b5 23. Ne5 Qb6 24. Qd4 Qxd4 25. Rxd4 Rc3 26. Rd3 Rxd3 27. Nxd3 Nxe3 28. Ne5 Kf8 29. Nc6 a6 30. Nb8 a5 31. Nc6 a4 32. Nd4 Ke7 33. Nxb5 axb3 34. axb3 Nd5 35. g3 Kf6 36. Kf2 e5 37. fxe5+ Kxe5 38. Kf3 g5 39. h3 h5 40. Na3 Nb6 41. Nc2 Nd5 42. Na3 Nb4 43. Nc4+ Kd5 44. Ne3+ Ke6 45. Nc4 Nc6 46. Ke3 Ne5 47. Nb6 Kd6 48. Na4 Kc6 49. Nc3 Kc5 50. Ne2 Nc6 51. h4 1/2-1/2

[Event "Perpetuelles/Hivernal"]
[Site "Sherbrooke CAN"]
[Date "2009.02.06"]
[Round "1"]
[White "Courteau, Bernard"]
[Black "Grenier, Jean-Pierre"]
[Result "0-1"]
[WhiteElo "1516"]
[BlackElo "1674"]
[PlyCount "96"]
[GameId "2160767910268911"]
[EventDate "2009.02.06"]
[EventType "swiss"]
[EventCountry "CAN"]

1. d4 d5 2. c4 e6 3. Nf3 Nf6 4. Bg5 Bb4+ 5. Nc3 h6 6. Bh4 g5 7. Bg3 Ne4 8. Qc2 h5 9. h4 Bxc3+ 10. bxc3 Nxg3 11. fxg3 g4 12. Nd2 Qd6 13. O-O-O Qxg3 14. e4 c6 15. cxd5 cxd5 16. exd5 exd5 17. Nb3 Qf4+ 18. Kb2 Nc6 19. Bd3 Be6 20. Nc5 O-O-O 21. Rde1 Rd6 22. Rhf1 Qh6 23. g3 Kb8 24. Ka1 Qg7 25. Rf4 Rc8 26. Qf2 Nd8 27. Rf6 Rdc6 28. Re5 Qh8 29. Qf4 Ka8 30. Rh6 Qf8 31. Rexh5 Rxc5 32. Rh8 Qe7 33. dxc5 Qxc5 34. Qd4 Qa5 35. Qb4 Qc7 36. Bf5 Bxf5 37. Rxf5 Qxg3 38. Rxd5 Qe1+ 39. Kb2 Qe2+ 40. Kb3 Qe6 41. c4 Nc6 42. Rxc8+ Qxc8 43. Qd6 a6 44. Qd7 Qg8 45. c5 f5 46. Ka4 Qh8 47. Qxf5 Qb2 48. Qc8+ Ka7 0-1

[Event "Perpetuelles/Hivernal"]
[Site "Sherbrooke CAN"]
[Date "2009.02.06"]
[Round "1"]
[White "Doucet, Jean-Pascal"]
[Black "Mesly, Olivier"]
[Result "0-1"]
[WhiteElo "1040"]
[BlackElo "1259"]
[PlyCount "96"]
[GameId "2160767910268912"]
[EventDate "2009.02.06"]
[EventType "swiss"]
[EventCountry "CAN"]

1. e4 b6 2. d4 Bb7 3. Nc3 e6 4. Nf3 Bb4 5. Bd3 d5 6. exd5 Bxd5 7. Bd2 Nc6 8. a3 Be7 9. b3 Bf6 10. Ne2 Bxf3 11. gxf3 Nxd4 12. Nxd4 Qxd4 13. Be4 Ne7 14. Bxa8 Qxa1 15. Qxa1 Bxa1 16. c3 O-O 17. Be4 f5 18. Bc2 Nd5 19. c4 Ne7 20. Rg1 Be5 21. Bg5 Ng6 22. h4 Nf4 23. Bxf4 Bxf4 24. b4 Bd6 25. Bb3 Rf6 26. Ke2 c5 27. Rd1 e5 28. b5 Kf7 29. Ke3 Ke6 30. Re1 Be7 31. f4 e4 32. Bc2 Rh6 33. f3 Kf6 34. Rh1 exf3 35. Kxf3 Rh5 36. a4 Ke6 37. Re1+ Kd7 38. Re5 g6 39. Rd5+ Ke8 40. Re5 Rxh4 41. Kg3 Rg4+ 42. Kf3 h5 43. Re2 h4 44. Rh2 Bd6 45. Rh3 Rxf4+ 46. Ke3 Rxc4 47. Kd3 Rd4+ 48. Ke3 Bg3 0-1